000 01478nam a2200373 4500
001 3013638
005 20150623102325.0
007 000
008 000
010 _a 94010497
020 _a080399169X (US)
020 _a8170364043 (India)
040 _aUOEL
_cDLC
_dDLC
043 _aa-ii---
_aa-io---
050 0 0 _aHD5819
_b.C46 1994
082 0 0 _a331.12/5/0954
_220
100 1 _aChadha, G. K.
245 1 0 _aEmployment, earnings, and poverty :
_ba study of rural India and Indonesia /
_cG.K. Chadha.
260 _aNew Delhi ;
_aThousand Oaks :
_bSage Publications,
_c1994.
300 _a294 p. :
_bmaps ;
_c22 cm.
440 0 _aIndo-Dutch studies on development alternatives ;
_v13
504 _aIncludes bibliographical references (p. [281]-288) and index.
650 0 _aLabor supply
_zIndia.
_xEconomic history and conditions (National production)
650 0 _aLabor supply
_zIndonesia.
650 0 _aRural poor
_zIndia.
650 0 _aRural poor
_zIndonesia.
650 0 _aAgriculture
_xEconomic aspects
_zIndia.
650 0 _aAgriculture
_xEconomic aspects
_zIndonesia.
856 4 2 _3Publisher description
_uhttp://www.loc.gov/catdir/enhancements/fy0657/94010497-d.html
856 4 1 _3Table of contents only
_uhttp://www.loc.gov/catdir/enhancements/fy0657/94010497-t.html
906 _a7
_bcbc
_corignew
_d1
_eocip
_f19
_gy-gencatlg
942 _2lcc
_cLL
999 _c10651
_d10651